Los doce cazadores /
Guardado en:
| Autor Principal: | |
|---|---|
| Otros Autores: | , , |
| Formato: | Libro |
| Publicado: |
Buenos Aires :
Además,
2013
|
| Materias: | |
| Etiquetas: |
Agregar Etiqueta
Sin Etiquetas, Sea el primero en etiquetar este registro!
|
| LEADER | 00880nam a22002655a 4500 | ||
|---|---|---|---|
| 001 | CEM.cems015578 | ||
| 005 | 20191216153819.0 | ||
| 008 | 130507s2013##################000#0#####d | ||
| 003 | CEMS | ||
| 020 | |a 9789872353070 | ||
| 082 | 0 | 4 | |a 833 |
| 100 | 1 | |a Grimm, Jakob Ludwig | |
| 245 | 1 | 0 | |a Los doce cazadores / |c Jakob Ludwig Grimm y Wilhelm Karl Grimm ; adaptado Por Alicia Salvi ; ilustrado Por Daniela López Casenave |
| 260 | |a Buenos Aires : |b Además, |c 2013 | ||
| 300 | |a 24 p. | ||
| 653 | |a Literatura | ||
| 653 | |a Literatura alemana | ||
| 653 | |a Literatura infantil | ||
| 653 | |a Cuentos infantiles | ||
| 653 | |a Colección ciencias de la educación | ||
| 653 | |a Cuentos tradicionales | ||
| 700 | 1 | |a Grimm, Wilhelm Karl | |
| 700 | 1 | |a Salvi, Alicia; adap. | |
| 700 | 1 | |a López Casenave, Daniela; il. | |
| 859 | |a CEMS |b BIB. CEMS - Ccias. Educacion |h 833 |i G882-4 |k CE |p 29027.19 |t Ej.1 | ||
